| 000 | 01354nam a2200289 i 4500 | ||
|---|---|---|---|
| 003 | EG-GICUC | ||
| 005 | 20260121101516.0 | ||
| 008 | 251217r20001999ua ||||fr|||| 00| 0 ara d | ||
| 040 |
_a EG-GICUC _bara _c EG-GICUC _d EG-GICUC _erda |
||
| 041 | 0 | _aara | |
| 082 | 0 | 4 |
_221 _a343.3 _bم ح . ن |
| 092 | 0 | 4 | _221 |
| 099 | _aLaw1 10 343.3 م ح . ن 2000 | ||
| 100 | 0 |
_aمحمد عيد الغريب _eمؤلف. |
|
| 245 | 1 | 2 |
_aالنظام العام الإجرائي ومدى الحماية التي يكفلها له القانون الجنائي : _b(دراسة تحليلية تأصيلية لمجال النظام العام الإجراء والجزاءات التي تكفل حماية في ضوء أحكام القانوني المصري والفرنسي وآرا و الفقه واحكام القضاء) / _cالدكتور محمد عيد غريب. |
| 264 | 1 |
_a{دون مكان نشر} : _b{دون دار نشر}، _c2000. |
|
| 300 |
_a371 ؛صفحة _c24 سم. |
||
| 336 |
_2rda content _atext |
||
| 337 |
_2rda media _aComputer |
||
| 338 |
_2rda carrier _aOnline Resource |
||
| 546 | _aالنص باللغة العربية | ||
| 650 | 1 | 4 | _a قانون الإجراءات الجنائية |
| 650 | 1 | 4 | _aالقانون الجنائي |
| 856 | 4 | 0 | _uhttps://fll.law.cu.edu.eg/fulltext/bks/B10-05666.pdf |
| 905 | _a77 | ||
| 942 |
_2ddc _cBK _e21 _n0 |
||
| 999 |
_c51139 _d51139 |
||